000 00985nam a22003017a 4500
001 BR7702419
003 BR-BrBNA
005 20230928085252.0
007 ta
008 230509b bl.||||| |||| 00| 0 por d
040 _aBR-BrBNA
_bpor
_cBiblioteca Nacional de Agricultura
041 _a(Por)
072 _aB50; E30
_b0430
_b/G514
090 _ 0430 BR7702419
100 1 _aFontes, N. de A.
100 1 _aBravo, M.A.F.
110 1 _aComissao Estadual de Planejamento Agricola de Sergipe, Aracaju (Brasil)
_92036
245 1 _aO algodao em Sergipe - apogeu e crises. Relatorio historico (1590-1975)[Gossypium hirsutum; Desenvolvimento agricola; Brasil]
260 3 _aAracaju, SE (Brasil):
_c1977.
300 _a314 p.
500 _a60 tables; 13 graphs; Bibliography p. 297-314 (292 ref.)
650 _aDESENVOLVIMENTO AGRICOLA
650 _aALGODAO
650 _aDESENVOLVIMENTO COMERCIAL
650 _aSERGIPE
909 _a202309
_bLucia
_c55
_dLucia Elande
942 _cBK
999 _c23584
_d23584